000 01683nam0a2200337 4500
001 rc\4124580
005 20260406210649.0
035 _a(NLR Aleph) 007903397
090 _a8052070
_c8052070
100 _a20130415d1948 |||y0rusy50 ca
101 0 _arus
102 _aRU
105 _aa a 010zb
181 0 _ai3
_baxxe
182 0 _an
200 1 _aИ. И. Ползунов
_eпервый русский теплотехник
_eк 220-летию со дня рождения
_f[составитель: Р. В. Цукерман]
_gГос. Ордена Трудового Красного Знамени Публичная б-ка им. М. Е. Салтыкова-Щедрина
203 _aТекст
_bвизуальный
_cнепосредственный
210 _aЛенинград
_cГосударственная Публичная библиотека им. М.Е. Салтыкова-Щедрина
_d1948
215 _a7, [1] с.
_cил.
_d14
225 1 _aПамятка читателя
_eсерия биографическая
_v№ 3
300 _aСост. указан в вып. дан.
700 1 _aЦукерман
_bР.В.
_f1902-
_gРудольф Вульфович
702 1 _aПолзунов
_bИ.И.
_f1728-1766
_gИван Иванович
_4280
712 0 2 _4570
_aПубличная библиотека им. М. Е. Салтыкова-Щедрина
_cЛенинград
_bОтдел рукописей и редких книг
_3RU\NLR\AUTH\889967602
_9431528
801 0 _aRU
_bNLR
_gpsbo
801 1 _aRU
_bELAR
_2rusmarc
852 _aNLR
_j641/П-49
942 _cBOOK
980 _aNB